000 00911nam a22003610a 4500
001 PT29863
003 AR-LpoUNG
005 20210131233549.0
008 191001s1988||||ag |||||||||||||||||spa d
020 _a9509097050
_c$81.95
040 _aAR-LpoUNG
_bspa
_cAR-LpoUNG
_eaacr
041 _aspa
044 _aag
082 0 _a982.063 542gue
100 1 _aDíaz Bessone, Ramón Genaro
245 1 0 _aGuerra revolucionaria en Argentina
250 _a1§ edición
260 _aBuenos Aires :
_bCírculo Militar,
_c1988.
300 _a378 p. :
_btbls.
650 4 _aANALISIS HISTORICO
650 4 _aARGENTINA
650 4 _aASPECTOS POLITICOS
650 4 _aCORRUPCION
650 4 _aDICTADURA
650 4 _aGOBIERNO MILITAR
650 4 _aGUERRA
650 4 _aGUERRILLEROS
650 4 _aHISTORIA POLITICA
650 4 _aVIOLENCIA
651 4 _aArgentina
905 _a29863
942 _cLIB
999 _c21411
_d21411